[Event "Mitropa Cup (Women) 8th"]
[Site "Merlimont"]
[Date "2011.10.10"]
[Round "3"]
[White "Machalova, Maria"]
[Black "Sedina, Elena"]
[Result "0-1"]
[WhiteElo "2184"]
[BlackElo "2337"]
[PlyCount "90"]
[EventDate "2011.10.08"]
[EventType "team-tourn"]
[EventRounds "10"]
[EventCountry "FRA"]
[Source "ChessBase"]
[SourceDate "2011.10.28"]
[WhiteTeam "Slovakia (W)"]
[BlackTeam "Italy (W)"]
[WhiteTeamCountry "SVK"]
[BlackTeamCountry "ITA"]

1. c4 e5 2. Nc3 Nf6 3. g3 Nc6 4. Bg2 Bc5 5. e3 d5 6. Nxd5 Nxd5 7. cxd5 Nb4 8.
d3 c6 9. a3 Nxd5 10. Qc2 Bb6 11. Nf3 Qe7 12. O-O O-O 13. e4 Nc7 14. Be3 Bg4 15.
a4 Bxf3 16. Bxf3 Rad8 17. Bg2 Ne6 18. a5 Bxe3 19. fxe3 Qc5 20. Qd2 Qb5 21. Ra3
Rd6 22. Rf5 g6 23. d4 gxf5 24. Bf1 Qc5 25. b4 Nxd4 26. bxc5 Nf3+ 27. Kf2 Nxd2
28. cxd6 Nxe4+ 29. Ke2 Nxd6 30. a6 b6 31. Rd3 Rd8 32. Bh3 Kf8 33. Bxf5 Ke7 34.
Bh3 c5 35. g4 f6 36. Rd5 Nf7 37. e4 Rxd5 38. exd5 Kd6 39. Bg2 c4 40. Be4 h6 41.
Bg6 Nd8 42. Ke3 Kxd5 43. Be4+ Kc5 44. Bb1 Ne6 45. h4 b5 0-1

[Event "Mitropa Cup (Women) 8th"]
[Site "Merlimont"]
[Date "2011.10.11"]
[Round "4"]
[White "Hapala, Lisa"]
[Black "Mareckova, Martina"]
[Result "1-0"]
[WhiteElo "1931"]
[BlackElo "2153"]
[PlyCount "101"]
[EventDate "2011.10.08"]
[EventType "team-tourn"]
[EventRounds "10"]
[EventCountry "FRA"]
[Source "ChessBase"]
[SourceDate "2011.10.28"]
[WhiteTeam "Austria (W)"]
[BlackTeam "Czech Republic (W)"]
[WhiteTeamCountry "AUT"]
[BlackTeamCountry "CZE"]

1. e4 e5 2. Nf3 Nc6 3. Bb5 a6 4. Ba4 d6 5. c3 Bd7 6. d4 g6 7. O-O Bg7 8. dxe5
dxe5 9. Bg5 Nge7 10. Nbd2 O-O 11. Nb3 Qe8 12. Nc5 Bc8 13. Qd2 f6 14. Bh6 Bxh6
15. Qxh6 b6 16. Bb3+ Kh8 17. Ne6 Bxe6 18. Bxe6 Ng8 19. Qh3 Rd8 20. Rad1 Qe7 21.
Bd5 Nb8 22. Bb3 Kg7 23. Nh4 Nh6 24. Qe6 Qxe6 25. Bxe6 Nf7 26. Bb3 Nd6 27. Rfe1
Nd7 28. Bc2 Nc5 29. f3 Nc4 30. b4 Nb7 31. Bb3 Ncd6 32. Bd5 Rde8 33. g3 Nd8 34.
Rd3 N8f7 35. Ng2 Rd8 36. Red1 Rfe8 37. Ne3 Ng5 38. Kg2 Nb5 39. h4 Nf7 40. a4
Nbd6 41. Bc6 Re6 42. b5 axb5 43. axb5 Kh6 44. Nd5 Nc4 45. Nxc7 Rxc6 46. bxc6
Ne3+ 47. Rxe3 Rxd1 48. Nd5 Nd6 49. Nxb6 Nb5 50. c4 Nd6 51. c7 1-0

[Event "Mitropa Cup (Women) 8th"]
[Site "Merlimont"]
[Date "2011.10.11"]
[Round "4"]
[White "Olsarova, Tereza"]
[Black "Kessler, Michaela"]
[Result "1-0"]
[WhiteElo "2244"]
[BlackElo "2018"]
[PlyCount "65"]
[EventDate "2011.10.08"]
[EventType "team-tourn"]
[EventRounds "10"]
[EventCountry "FRA"]
[Source "ChessBase"]
[SourceDate "2011.10.28"]
[WhiteTeam "Czech Republic (W)"]
[BlackTeam "Austria (W)"]
[WhiteTeamCountry "CZE"]
[BlackTeamCountry "AUT"]

1. e4 c5 2. Nf3 d6 3. d4 cxd4 4. Nxd4 Nf6 5. Nc3 a6 6. Bc4 e6 7. Bg5 b5 8. Bb3
Be7 9. Qf3 Qb6 10. O-O-O Nbd7 11. Rhe1 O-O 12. Kb1 Bb7 13. Qg3 Nc5 14. f4 b4
15. e5 dxe5 16. fxe5 Nh5 17. Qg4 Bxg5 18. Qxg5 bxc3 19. Qxh5 a5 20. a4 Nxa4 21.
Rd3 Nxb2 22. Rg3 g6 23. Qh6 Qxd4 24. Rh3 Rfd8 25. Qxh7+ Kf8 26. Rf1 Qd1+ 27.
Rxd1 Rxd1+ 28. Ka2 a4 29. Qh8+ Ke7 30. Qf6+ Ke8 31. Bxe6 fxe6 32. Qxe6+ Kd8 33.
Qb6+ 1-0

[Event "Mitropa Cup (Women) 8th"]
[Site "Merlimont"]
[Date "2011.10.11"]
[Round "4"]
[White "Motycakova, Monika"]
[Black "Osmanodja, Filiz"]
[Result "0-1"]
[WhiteElo "2102"]
[BlackElo "2039"]
[PlyCount "120"]
[EventDate "2011.10.08"]
[EventType "team-tourn"]
[EventRounds "10"]
[EventCountry "FRA"]
[Source "ChessBase"]
[SourceDate "2011.10.28"]
[WhiteTeam "Slovakia (W)"]
[BlackTeam "Germany (W)"]
[WhiteTeamCountry "SVK"]
[BlackTeamCountry "GER"]

1. e4 c5 2. Nf3 d6 3. c3 Nf6 4. Be2 Bg4 5. O-O e6 6. d4 Nc6 7. Re1 cxd4 8. cxd4
d5 9. e5 Nd7 10. Be3 Be7 11. Nc3 O-O 12. Rc1 f6 13. exf6 Bxf6 14. Qd2 Nb6 15.
b3 Qe7 16. h3 Bxf3 17. Bxf3 Qb4 18. Red1 Rad8 19. Ne2 Qd6 20. Rc2 e5 21. dxe5
Nxe5 22. Bc5 Nxf3+ 23. gxf3 Qd7 24. Bxf8 Rxf8 25. Kg2 Be5 26. Qd3 Rf6 27. a4
Rg6+ 28. Ng3 a5 29. Rc5 Bxg3 30. fxg3 Qd6 31. Qxg6 hxg6 32. Rxa5 d4 33. Rb5 Nd5
34. Rd3 Nc3 35. Rxb7 Kh7 36. Rd2 d3 37. a5 Nb1 38. Rd1 Nc3 39. Rd2 Nb1 40. Rd1
d2 41. Rxb1 Qd3 42. Rf1 Qe2+ 43. Kg1 Qe1 44. Kg2 Qxf1+ 45. Kxf1 d1=Q+ 46. Kf2
Qd2+ 47. Kf1 Qd5 48. Rb6 Qxf3+ 49. Ke1 Qxg3+ 50. Kd2 Qg5+ 51. Kc3 Qxa5+ 52. Rb4
Qc5+ 53. Rc4 Qe3+ 54. Kb2 Qxh3 55. b4 g5 56. b5 g4 57. Rb4 g3 58. b6 g2 59. b7
g1=Q 60. b8=Q Qf2+ 0-1

[Event "Mitropa Cup (Women) 8th"]
[Site "Merlimont"]
[Date "2011.10.11"]
[Round "4"]
[White "Ohme, Melanie"]
[Black "Machalova, Maria"]
[Result "1-0"]
[WhiteElo "2344"]
[BlackElo "2184"]
[PlyCount "81"]
[EventDate "2011.10.08"]
[EventType "team-tourn"]
[EventRounds "10"]
[EventCountry "FRA"]
[Source "ChessBase"]
[SourceDate "2011.10.28"]
[WhiteTeam "Germany (W)"]
[BlackTeam "Slovakia (W)"]
[WhiteTeamCountry "GER"]
[BlackTeamCountry "SVK"]

1. e4 c5 2. Nf3 Nc6 3. d4 cxd4 4. Nxd4 g6 5. Be2 Bg7 6. Nb3 Nf6 7. Nc3 O-O 8.
O-O d6 9. Bg5 a5 10. a4 Be6 11. f4 Rc8 12. Bh4 Nb4 13. Nd4 Bc4 14. Ndb5 Bxe2
15. Qxe2 Qb6+ 16. Bf2 Qa6 17. Rad1 Rfd8 18. Rd2 Ne8 19. Rfd1 e6 20. e5 d5 21.
Ne4 Nc6 22. Nc5 Qa8 23. Kh1 Bf8 24. Nb3 Qa6 25. c3 b6 26. Rd3 Nc7 27. Rh3 d4
28. N3xd4 Nxd4 29. Bxd4 Nd5 30. Qg4 Ne7 31. Nd6 Rxd6 32. exd6 Nf5 33. d7 Rd8
34. Bg1 Qb7 35. Rhd3 h5 36. Qf3 Qc7 37. Bd4 Bd6 38. Bf6 Be7 39. Be5 Qc4 40. Qb7
f6 41. Bc7 1-0

[Event "Mitropa Cup (Women) 8th"]
[Site "Merlimont"]
[Date "2011.10.11"]
[Round "4"]
[White "Bea, Boglarka"]
[Black "Zimina, Olga"]
[Result "1/2-1/2"]
[WhiteElo "2113"]
[BlackElo "2337"]
[PlyCount "138"]
[EventDate "2011.10.08"]
[EventType "team-tourn"]
[EventRounds "10"]
[EventCountry "FRA"]
[Source "ChessBase"]
[SourceDate "2011.10.28"]
[WhiteTeam "Hungary (W)"]
[BlackTeam "Italy (W)"]
[WhiteTeamCountry "HUN"]
[BlackTeamCountry "ITA"]

1. e4 d5 2. exd5 Qxd5 3. Nc3 Qa5 4. d4 Nf6 5. Nf3 Bf5 6. Bc4 e6 7. Bd2 Qb6 8.
Bb3 Bb4 9. O-O Bxc3 10. Bxc3 Nc6 11. Qe2 O-O 12. a4 Ne7 13. a5 Qd6 14. Qb5 Ned5
15. Bd2 a6 16. Qe2 Bg4 17. h3 Bh5 18. c4 Ne7 19. Bc3 Rfe8 20. Ba4 Red8 21. Rfe1
Rac8 22. g4 Bg6 23. d5 Ne4 24. Be5 Qb4 25. Bc2 exd5 26. cxd5 Nd6 27. Bc3 Qb5
28. Qxe7 Bxc2 29. Nd4 Qd3 30. Ne6 Re8 31. Qg5 Qg6 32. Qxg6 hxg6 33. Nxg7 Rxe1+
34. Rxe1 Ne4 35. Bd4 Nd2 36. Re3 Be4 37. Bc3 Nf3+ 38. Kg2 Bxd5 39. Rxf3 b5 40.
Kg3 Bxf3 41. Kxf3 c5 42. Ke3 b4 43. Bf6 c4 44. Kd2 Rc5 45. h4 Rxa5 46. h5 gxh5
47. Nxh5 Ra2 48. Kc1 Ra1+ 49. Kc2 a5 50. Bd4 a4 51. Nf6+ Kg7 52. Nd5+ Kg6 53.
Nxb4 a3 54. bxa3 Rxa3 55. Be3 Kf6 56. Nd5+ Ke5 57. Nb6 Ra2+ 58. Kc3 f5 59.
Nxc4+ Ke6 60. g5 f4 61. Bxf4 Rxf2 62. Be3 Rg2 63. Kd3 Rg4 64. Nd2 Kf5 65. Nf3
Ra4 66. Nd4+ Ke5 67. Nf3+ Kf5 68. Nd4+ Ke5 69. Nf3+ Kf5 1/2-1/2

[Event "Mitropa Cup (Women) 8th"]
[Site "Merlimont"]
[Date "2011.10.11"]
[Round "4"]
[White "Sedina, Elena"]
[Black "Varga, Klara"]
[Result "1-0"]
[WhiteElo "2337"]
[BlackElo "2183"]
[PlyCount "71"]
[EventDate "2011.10.08"]
[EventType "team-tourn"]
[EventRounds "10"]
[EventCountry "FRA"]
[Source "ChessBase"]
[SourceDate "2011.10.28"]
[WhiteTeam "Italy (W)"]
[BlackTeam "Hungary (W)"]
[WhiteTeamCountry "ITA"]
[BlackTeamCountry "HUN"]

1. e4 e6 2. d3 d5 3. Qe2 Nc6 4. Nf3 Nge7 5. g3 dxe4 6. dxe4 e5 7. c3 Qd6 8.
Nbd2 h6 9. Nc4 Qf6 10. Bg2 Bg4 11. h3 Be6 12. b4 Nc8 13. Ne3 Nb6 14. O-O Rd8
15. a4 a5 16. bxa5 Nd7 17. a6 b6 18. Nd5 Bxd5 19. exd5 Na5 20. Bf4 Bd6 21. Rfe1
O-O 22. Nxe5 Nc5 23. a7 Ra8 24. Ng4 Qg6 25. Bxd6 Qxd6 26. Ne3 Rxa7 27. Nf5 Qf6
28. Nd4 Nab3 29. Nb5 Raa8 30. Ra3 Rxa4 31. Rxa4 Nxa4 32. Qe7 Qf5 33. Nxc7 g6
34. d6 Nac5 35. Nd5 Nd2 36. Qe3 1-0

[Event "Mitropa Cup (Women) 8th"]
[Site "Merlimont"]
[Date "2011.10.11"]
[Round "5"]
[White "Novkovic, Julia"]
[Black "Zimina, Olga"]
[Result "1/2-1/2"]
[WhiteElo "2053"]
[BlackElo "2337"]
[PlyCount "163"]
[EventDate "2011.10.08"]
[EventType "team-tourn"]
[EventRounds "10"]
[EventCountry "FRA"]
[Source "ChessBase"]
[SourceDate "2011.10.28"]
[WhiteTeam "Austria (W)"]
[BlackTeam "Italy (W)"]
[WhiteTeamCountry "AUT"]
[BlackTeamCountry "ITA"]

1. e4 e5 2. Nf3 Nc6 3. Bb5 a6 4. Bxc6 dxc6 5. Nc3 Qd6 6. d4 exd4 7. Qxd4 Bg4 8.
Be3 Qxd4 9. Bxd4 c5 10. Be3 O-O-O 11. Nd2 b6 12. h3 Be6 13. O-O-O Ne7 14. Nf3
h6 15. Rxd8+ Kxd8 16. Rd1+ Kc8 17. Nd2 Nc6 18. f4 Be7 19. Nf3 f5 20. exf5 Bxf5
21. g4 Be6 22. f5 Bf7 23. a3 Re8 24. Bf4 Bf6 25. Nd5 Bxd5 26. Rxd5 Nd4 27. Nxd4
cxd4 28. Kd1 Re4 29. Bd2 Be5 30. c3 c6 31. Rxe5 Rxe5 32. cxd4 Rd5 33. Ke2 Kd7
34. Kd3 Ke8 35. Ke4 Kf7 36. h4 Rb5 37. b4 Rd5 38. h5 Kf6 39. Bf4 a5 40. Bd2
axb4 41. axb4 Rd7 42. Be3 Re7+ 43. Kf4 Re8 44. Bf2 Re2 45. Bh4+ Kf7 46. Bd8 b5
47. Bb6 Rb2 48. Bc5 Re2 49. Bb6 Re1 50. Bd8 Rb1 51. Ba5 Ke7 52. Bb6 Rf1+ 53.
Ke5 Re1+ 54. Kf4 Re2 55. Bc5+ Kf6 56. Bb6 Rf2+ 57. Kg3 Rf1 58. Bc5 Kf7 59. Bd6
Rd1 60. Bc5 Ke8 61. Kf4 Kd7 62. Kf3 Rf1+ 63. Kg2 Rf4 64. Kg3 Re4 65. Kf3 Re8
66. Kf4 Ra8 67. Kf3 Ke8 68. Ke4 Kf7 69. Ke5 Rd8 70. Kf4 Kf6 71. Bb6 Re8 72. Bc7
Re1 73. Bd8+ Kf7 74. Bb6 Rg1 75. Bc5 Kf6 76. Bb6 Rf1+ 77. Kg3 Rb1 78. Bc5 Rc1
79. Bb6 Rc4 80. Bc5 Rc3+ 81. Kf4 Rc2 82. Bb6 1/2-1/2

[Event "Mitropa Cup (Women) 8th"]
[Site "Merlimont"]
[Date "2011.10.11"]
[Round "5"]
[White "Machalova, Maria"]
[Black "Olsarova, Tereza"]
[Result "1/2-1/2"]
[WhiteElo "2184"]
[BlackElo "2244"]
[PlyCount "111"]
[EventDate "2011.10.08"]
[EventType "team-tourn"]
[EventRounds "10"]
[EventCountry "FRA"]
[Source "ChessBase"]
[SourceDate "2011.10.28"]
[WhiteTeam "Slovakia (W)"]
[BlackTeam "Czech Republic (W)"]
[WhiteTeamCountry "SVK"]
[BlackTeamCountry "CZE"]

1. c4 e5 2. Nc3 Nf6 3. g3 d5 4. cxd5 Nxd5 5. Bg2 Nb6 6. Nf3 Nc6 7. O-O Be7 8.
d3 O-O 9. a3 Be6 10. b4 Nd4 11. Nxd4 exd4 12. Ne4 Bd5 13. Qc2 f5 14. Nc5 Bxg2
15. Kxg2 Qd5+ 16. Kg1 Bxc5 17. Qxc5 Qxc5 18. bxc5 Na4 19. Bf4 Rfe8 20. Rfe1
Nxc5 21. Bxc7 Rac8 22. Bf4 Ne6 23. Be5 Rc5 24. f4 Rec8 25. Rab1 b5 26. Bd6 Rd5
27. Bb4 Kf7 28. Rec1 Rdd8 29. Kf2 Ke8 30. Ba5 Rxc1 31. Rxc1 Rb8 32. e4 dxe3+
33. Kxe3 Kd7 34. Bc3 Rc8 35. Bb2 Rxc1 36. Bxc1 Kc6 37. Bb2 Kd5 38. h3 h5 39. g4
hxg4 40. hxg4 g6 41. gxf5 gxf5 42. Bc3 Nd8 43. Bd4 Nc6 44. Bg7 a5 45. Bh8 b4
46. axb4 Nxb4 47. Kd2 Na6 48. Kc3 Nc5 49. Be5 a4 50. d4 Ne6 51. Kb4 a3 52. Kxa3
Nxd4 53. Kb2 Ke4 54. Kc3 Ne2+ 55. Kd2 Nxf4 56. Bb8 1/2-1/2

[Event "Mitropa Cup (Women) 8th"]
[Site "Merlimont"]
[Date "2011.10.11"]
[Round "5"]
[White "Osmanodja, Filiz"]
[Black "Bea, Boglarka"]
[Result "1/2-1/2"]
[WhiteElo "2039"]
[BlackElo "2113"]
[PlyCount "87"]
[EventDate "2011.10.08"]
[EventType "team-tourn"]
[EventRounds "10"]
[EventCountry "FRA"]
[Source "ChessBase"]
[SourceDate "2011.10.28"]
[WhiteTeam "Germany (W)"]
[BlackTeam "Hungary (W)"]
[WhiteTeamCountry "GER"]
[BlackTeamCountry "HUN"]

1. e4 e5 2. Nf3 Nc6 3. Bb5 a6 4. Ba4 Nf6 5. O-O Be7 6. Re1 b5 7. Bb3 O-O 8. h3
Bb7 9. d3 d6 10. c3 Na5 11. Bc2 c5 12. Nbd2 Qc7 13. Nf1 Rfe8 14. Ng3 g6 15. d4
cxd4 16. cxd4 Bf8 17. d5 Rac8 18. Bd3 Nd7 19. Bd2 Nc5 20. Bf1 Nc4 21. b3 Nxd2
22. Nxd2 Bh6 23. Rc1 Qa5 24. Rc2 Nd7 25. Nf3 Rxc2 26. Qxc2 Rc8 27. Qb2 Qb4 28.
Re2 Bf4 29. Rc2 Bxg3 30. Rxc8+ Bxc8 31. fxg3 Nc5 32. Qd2 Qxd2 33. Nxd2 f5 34.
Kf2 Bb7 35. Ke3 Kf7 36. g4 fxe4 37. Nxe4 Ke7 38. Nc3 b4 39. Ne4 Bxd5 40. Nxc5
dxc5 41. Bxa6 Bxg2 42. h4 Bd5 43. Bd3 Kf7 44. Bf1 1/2-1/2

[Event "Mitropa Cup (Women) 8th"]
[Site "Merlimont"]
[Date "2011.10.11"]
[Round "5"]
[White "Varga, Klara"]
[Black "Ohme, Melanie"]
[Result "0-1"]
[WhiteElo "2183"]
[BlackElo "2344"]
[PlyCount "74"]
[EventDate "2011.10.08"]
[EventType "team-tourn"]
[EventRounds "10"]
[EventCountry "FRA"]
[Source "ChessBase"]
[SourceDate "2011.10.28"]
[WhiteTeam "Hungary (W)"]
[BlackTeam "Germany (W)"]
[WhiteTeamCountry "HUN"]
[BlackTeamCountry "GER"]

1. d4 Nf6 2. Bg5 e6 3. Nd2 h6 4. Bh4 d5 5. e3 c5 6. c3 Nc6 7. Ngf3 Be7 8. Bd3
Bd7 9. Ne5 Nxe5 10. dxe5 Nh7 11. Bg3 Bc6 12. Qg4 g6 13. h4 h5 14. Qe2 Nf8 15.
f4 Qb6 16. Nf3 Nd7 17. Bf2 Qa5 18. O-O a6 19. a3 Bb5 20. b4 Bxd3 21. Qxd3 Qc7
22. Rac1 Rc8 23. e4 Nb6 24. Nd2 O-O 25. Qf3 cxb4 26. cxb4 Qxc1 27. Rxc1 Rxc1+
28. Kh2 dxe4 29. Nxe4 Nd5 30. f5 exf5 31. Nd6 Bxd6 32. exd6 Nf6 33. Bd4 Ng4+
34. Kg3 Rd8 35. Qd5 Rf1 36. Kh3 f4 37. g3 f3 0-1

[Event "Mitropa Cup (Women) 8th"]
[Site "Merlimont"]
[Date "2011.10.12"]
[Round "6"]
[White "Osmanodja, Filiz"]
[Black "Hapala, Lisa"]
[Result "1-0"]
[WhiteElo "2039"]
[BlackElo "1931"]
[PlyCount "139"]
[EventDate "2011.10.08"]
[EventType "team-tourn"]
[EventRounds "10"]
[EventCountry "FRA"]
[Source "ChessBase"]
[SourceDate "2011.10.28"]
[WhiteTeam "Germany (W)"]
[BlackTeam "Austria (W)"]
[WhiteTeamCountry "GER"]
[BlackTeamCountry "AUT"]

1. e4 e5 2. Nf3 Nc6 3. Bb5 a6 4. Ba4 Nf6 5. O-O Be7 6. Re1 b5 7. Bb3 d6 8. c3
O-O 9. h3 Na5 10. Bc2 c5 11. d4 Nd7 12. dxc5 dxc5 13. Nbd2 Bb7 14. b3 Qc7 15.
Nf1 Rfd8 16. Qe2 h6 17. Ng3 Bf8 18. Nf5 Nc6 19. N3h4 Kh7 20. Ne3 Ne7 21. Qf3
Kg8 22. Ng4 c4 23. Qg3 Kh8 24. Ba3 Ng8 25. Bxf8 Rxf8 26. Nf5 h5 27. Nf6 g6 28.
Nxd7 Qxd7 29. Qxe5+ f6 30. Qd6 Qxd6 31. Nxd6 cxb3 32. Bxb3 Bc6 33. Rad1 Kg7 34.
c4 bxc4 35. Bxc4 a5 36. Rd4 Ne7 37. e5 fxe5 38. Rxe5 Nf5 39. Nxf5+ Rxf5 40.
Re7+ Kh6 41. Re6 Be8 42. Bd3 Rf8 43. Rdd6 Rg8 44. f4 Kh7 45. Re5 Kg7 46. Re7+
Kf8 47. Ree6 g5 48. Rf6+ Ke7 49. Rde6+ Kd8 50. fxg5 Rxg5 51. Rf8 Kd7 52. Re3
Rc8 53. Bf5+ Rxf5 54. Rxf5 Rc1+ 55. Kh2 a4 56. Rd5+ Kc6 57. Rd4 Kc5 58. Rd8 Bc6
59. Rc8 Kd4 60. Rg3 Rc2 61. a3 h4 62. Rg4+ Ke5 63. Rg6 Kd5 64. Rg5+ Kd6 65.
Rg6+ Kd5 66. Rg5+ Kd6 67. Rh8 Rc3 68. Rg6+ Kc7 69. Rxh4 Kb7 70. Rxc6 1-0

[Event "Mitropa Cup (Women) 8th"]
[Site "Merlimont"]
[Date "2011.10.12"]
[Round "6"]
[White "Olsarova, Tereza"]
[Black "Sedina, Elena"]
[Result "1/2-1/2"]
[WhiteElo "2244"]
[BlackElo "2337"]
[PlyCount "67"]
[EventDate "2011.10.08"]
[EventType "team-tourn"]
[EventRounds "10"]
[EventCountry "FRA"]
[Source "ChessBase"]
[SourceDate "2011.10.28"]
[WhiteTeam "Czech Republic (W)"]
[BlackTeam "Italy (W)"]
[WhiteTeamCountry "CZE"]
[BlackTeamCountry "ITA"]

1. e4 e6 2. Nf3 d5 3. e5 c5 4. b4 c4 5. d3 Bxb4+ 6. c3 Ba5 7. dxc4 Nc6 8. Bf4
Nge7 9. Bg3 Nf5 10. c5 Bc7 11. Bb5 Bd7 12. Qe2 Nxg3 13. hxg3 Qe7 14. Bxc6 Bxc6
15. Qe3 f6 16. O-O O-O 17. Nbd2 fxe5 18. Nxe5 Bxe5 19. Qxe5 Qxc5 20. Qxe6+ Kh8
21. Qe5 Bb5 22. c4 Bxc4 23. Nxc4 Rae8 24. Qg5 h6 25. Qh5 Qxc4 26. Rac1 Qxa2 27.
Rc7 Re1 28. Rxe1 Qxf2+ 29. Kh2 Qxe1 30. Qxd5 Qa1 31. Rxb7 a6 32. Ra7 Qf6 33.
Qc4 Qf5 34. Rxa6 1/2-1/2

[Event "Mitropa Cup (Women) 8th"]
[Site "Merlimont"]
[Date "2011.10.12"]
[Round "6"]
[White "Zimina, Olga"]
[Black "Mareckova, Martina"]
[Result "1-0"]
[WhiteElo "2337"]
[BlackElo "2153"]
[PlyCount "59"]
[EventDate "2011.10.08"]
[EventType "team-tourn"]
[EventRounds "10"]
[EventCountry "FRA"]
[Source "ChessBase"]
[SourceDate "2011.10.28"]
[WhiteTeam "Italy (W)"]
[BlackTeam "Czech Republic (W)"]
[WhiteTeamCountry "ITA"]
[BlackTeamCountry "CZE"]

1. e4 e5 2. Nf3 Nc6 3. d4 exd4 4. Nxd4 Bc5 5. Nb3 Bb6 6. Nc3 Nf6 7. Qe2 d6 8.
Be3 Qe7 9. O-O-O Bxe3+ 10. Qxe3 O-O 11. f3 Be6 12. g4 a5 13. Bb5 Nb4 14. a3
Bxb3 15. cxb3 c6 16. Be2 Na6 17. Bxa6 Rxa6 18. Qd4 Rd8 19. Rhe1 Raa8 20. Kb1
Ne8 21. Ne2 Nc7 22. Ng3 g6 23. h4 Ne6 24. Qc3 Nc5 25. f4 b5 26. e5 dxe5 27.
Rxd8+ Rxd8 28. Rxe5 Ne6 29. f5 b4 30. Qe1 1-0

[Event "Mitropa Cup (Women) 8th"]
[Site "Merlimont"]
[Date "2011.10.12"]
[Round "6"]
[White "Varga, Klara"]
[Black "Machalova, Maria"]
[Result "1/2-1/2"]
[WhiteElo "2183"]
[BlackElo "2184"]
[PlyCount "71"]
[EventDate "2011.10.08"]
[EventType "team-tourn"]
[EventRounds "10"]
[EventCountry "FRA"]
[Source "ChessBase"]
[SourceDate "2011.10.28"]
[WhiteTeam "Hungary (W)"]
[BlackTeam "Slovakia (W)"]
[WhiteTeamCountry "HUN"]
[BlackTeamCountry "SVK"]

1. d4 Nf6 2. Nc3 d5 3. Bg5 Nbd7 4. Nf3 h6 5. Bh4 e6 6. e3 Be7 7. Bg3 a6 8. Ne5
c5 9. f4 O-O 10. Bf2 Qa5 11. Bd3 c4 12. Be2 Bb4 13. O-O Bxc3 14. bxc3 Qxc3 15.
Kh1 Nxe5 16. fxe5 Ne4 17. Bg1 Qd2 18. Qxd2 Nxd2 19. Rf4 f5 20. exf6 Rxf6 21.
Rd1 c3 22. Bf2 Bd7 23. Be1 Bb5 24. Bg4 Raf8 25. Bxd2 cxd2 26. Rxd2 g5 27. Rxf6
Rxf6 28. Rd1 Ba4 29. h3 Bxc2 30. Rc1 Bf5 31. Rc8+ Rf8 32. Bxf5 exf5 33. Rc5 Re8
34. Rxd5 Rxe3 35. Rxf5 Ra3 36. Rf6 1/2-1/2

[Event "Mitropa Cup (Women) 8th"]
[Site "Merlimont"]
[Date "2011.10.13"]
[Round "7.5"]
[White "Machalova, Maria"]
[Black "Kessler, Michaela"]
[Result "0-1"]
[WhiteElo "2184"]
[BlackElo "2018"]
[PlyCount "56"]
[EventDate "2011.10.08"]
[EventType "team-tourn"]
[EventRounds "10"]
[EventCountry "FRA"]
[Source "ChessBase"]
[SourceDate "2011.10.28"]
[WhiteTeam "Slovakia (W)"]
[BlackTeam "Austria (W)"]
[WhiteTeamCountry "SVK"]
[BlackTeamCountry "AUT"]

1. c4 Nf6 2. Nc3 g6 3. e4 d6 4. d4 Bg7 5. Bg5 O-O 6. Qd2 c5 7. d5 a6 8. f3 e6
9. O-O-O Qa5 10. Bh6 b5 11. Bxg7 Kxg7 12. cxb5 axb5 13. Bxb5 exd5 14. exd5 Ba6
15. Bxa6 Nxa6 16. h4 h5 17. g4 Nb4 18. a3 Qa6 19. gxh5 Qc4 20. Qe2 Qb3 21. axb4
cxb4 22. Qc2 Ra1+ 23. Nb1 Qe3+ 24. Rd2 b3 25. h6+ Kh7 26. Qc3 Qe1+ 27. Rd1
Rxb1+ 28. Kxb1 Qxd1+ 0-1

[Event "Mitropa Cup (Women) 8th"]
[Site "Merlimont"]
[Date "2011.10.13"]
[Round "7.3"]
[White "Varga, Klara"]
[Black "Olsarova, Tereza"]
[Result "1-0"]
[WhiteElo "2183"]
[BlackElo "2244"]
[PlyCount "67"]
[EventDate "2011.10.08"]
[EventType "team-tourn"]
[EventRounds "10"]
[EventCountry "FRA"]
[Source "ChessBase"]
[SourceDate "2011.10.28"]
[WhiteTeam "Hungary (W)"]
[BlackTeam "Czech Republic (W)"]
[WhiteTeamCountry "HUN"]
[BlackTeamCountry "CZE"]

1. e4 e5 2. Nf3 Nc6 3. Bb5 a6 4. Bxc6 dxc6 5. Nc3 Bc5 6. Ne2 f5 7. Nxe5 fxe4 8.
d4 exd3 9. Nxd3 Bd6 10. Bf4 Nf6 11. Qd2 Be6 12. Qe3 Kf7 13. O-O-O Re8 14. Nc3
Kg8 15. Qd2 b5 16. Rhe1 Bf8 17. Ne5 Qc8 18. a3 a5 19. Ne2 c5 20. Bg5 Ne4 21.
Qf4 Nxg5 22. Qxg5 Be7 23. Qg3 Bd6 24. Nf4 a4 25. Nh5 Re7 26. Nf6+ Kf8 27. Nxh7+
Kg8 28. Nf6+ Kf8 29. Rxd6 Bf5 30. Nfd7+ Kg8 31. Nf6+ Kf8 32. Ned7+ Kf7 33.
Rxe7+ Kxe7 34. Qe5+ 1-0

[Event "Mitropa Cup (Women) 8th"]
[Site "Merlimont"]
[Date "2011.10.13"]
[Round "7.4"]
[White "Mareckova, Martina"]
[Black "Bea, Boglarka"]
[Result "1/2-1/2"]
[WhiteElo "2153"]
[BlackElo "2113"]
[PlyCount "83"]
[EventDate "2011.10.08"]
[EventType "team-tourn"]
[EventRounds "10"]
[EventCountry "FRA"]
[Source "ChessBase"]
[SourceDate "2011.10.28"]
[WhiteTeam "Czech Republic (W)"]
[BlackTeam "Hungary (W)"]
[WhiteTeamCountry "CZE"]
[BlackTeamCountry "HUN"]

1. e4 c5 2. Nc3 Nc6 3. g3 e6 4. Bg2 Nge7 5. d3 d5 6. Nf3 Ng6 7. h4 h5 8. Ng5 d4
9. Ne2 Nge5 10. f4 Ng4 11. Ng1 g6 12. N1f3 Bg7 13. Qe2 O-O 14. O-O Bd7 15. Nh2
Nxh2 16. Kxh2 Bf6 17. Bd2 Kg7 18. Bh3 Qc8 19. Rg1 Bxg5 20. hxg5 b5 21. c3 e5
22. Bxd7 Qxd7 23. Rgf1 Rad8 24. Rad1 Qg4 25. Qf3 Qxf3 26. Rxf3 Rd7 27. b4 dxc3
28. Bxc3 cxb4 29. Bxe5+ Nxe5 30. fxe5 Re8 31. Rb1 Rxe5 32. Rxb4 a5 33. Rb3 Rxg5
34. Rb1 Rc5 35. Rb2 b4 36. Kg2 Rc1 37. Kf2 Rdc7 38. Ke3 R1c3 39. e5 Kf8 40.
Rbf2 Ke8 41. Ke4 a4 42. Rf6 1/2-1/2

[Event "Mitropa Cup (Women) 8th"]
[Site "Merlimont"]
[Date "2011.10.13"]
[Round "7.1"]
[White "Ohme, Melanie"]
[Black "Sedina, Elena"]
[Result "0-1"]
[WhiteElo "2344"]
[BlackElo "2337"]
[PlyCount "103"]
[EventDate "2011.10.08"]
[EventType "team-tourn"]
[EventRounds "10"]
[EventCountry "FRA"]
[Source "ChessBase"]
[SourceDate "2011.10.28"]
[WhiteTeam "Germany (W)"]
[BlackTeam "Italy (W)"]
[WhiteTeamCountry "GER"]
[BlackTeamCountry "ITA"]

1. e4 e6 2. d4 d5 3. Nc3 Bb4 4. exd5 exd5 5. Bd3 Nc6 6. a3 Bxc3+ 7. bxc3 Nge7
8. Qh5 Be6 9. Rb1 b6 10. Nf3 Qd7 11. Ng5 g6 12. Qf3 O-O 13. Nxe6 Qxe6+ 14. Be3
Nf5 15. O-O Nxe3 16. Rfe1 Rae8 17. Rxe3 Qd6 18. a4 Re6 19. Rbe1 Rfe8 20. Bb5
R8e7 21. h4 h5 22. Qh3 Rxe3 23. Rxe3 Na5 24. Bd3 Kg7 25. Qf3 c6 26. Qe2 Rxe3
27. Qxe3 Nc4 28. Bxc4 dxc4 29. Qe2 Qd5 30. Qe7 a5 31. Qc7 Qe4 32. Qxb6 Qe1+ 33.
Kh2 Qxc3 34. Qc5 Qxc2 35. Qe5+ Kh7 36. Qf6 Qf5 37. Qxc6 Qf4+ 38. Kg1 Qc1+ 39.
Kh2 Qf4+ 40. Kg1 Qxd4 41. Qc7 Qd5 42. Kh2 Kg7 43. f3 Kf6 44. Qb6+ Kf5 45. Kh3
Ke5 46. Kg3 c3 47. Qc7+ Kd4 48. Kf2 Kd3 49. Kf1 c2 50. Qf4 Kc3 51. Qf6+ Qd4 52.
f4 0-1